Australian Bird Taxonomy - Statistics

General Stats
  • This quiz has been taken 21 times
  • The average score is 40 of 113
Answer Stats
Answer % Correct
Anatidae Ducks & Geese
85%
Passeriformes
85%
Anseriformes
77%
Casuariidae Cassowaries
77%
Gruidae Cranes
77%
Cacatuidae Cockatoos
69%
Casuariiformes
69%
Charadriiformes
69%
Corvidae Crows & allies
69%
Gruiformes
69%
Psittaciformes
69%
Accipitridae Hawks & allies
62%
Columbidae Doves & Pigeons
62%
Columbiformes
62%
Falconidae Falcons
62%
Galliformes
62%
Laridae Gulls & Terns
62%
Pelecaniformes
62%
Rallidae Rails & Gallinules
62%
Strigidae Typical Owls
62%
Strigiformes
62%
Accipitriformes
54%
Apodidae Swifts
54%
Caprimulgidae Nightjars
54%
Ciconiidae Storks
54%
Ciconiiformes
54%
Cuculidae Cuckoos
54%
Cuculiformes
54%
Falconiformes
54%
Megapodiidae Megapodes
54%
Pelecanidae Pelicans
54%
Tytonidae Barn Owls
54%
Ardeidae Herons
46%
Caprimulgiformes
46%
Charadriidae Plovers
46%
Alcedinidae Kingfishers
38%
Anseranatidae Magpie Goose
38%
Coraciiformes
38%
Meropidae Bee-eaters
38%
Pandionidae Osprey
38%
Phasianidae Gamebirds
38%
Pittidae Pittas
38%
Procellariiformes
38%
Psittaculidae Old World Parrots
38%
Recurvirostridae Stilts & Avocets
38%
Scolopacidae Sandpipers & allies
38%
Spheniscidae Penguins
38%
Sphenisciformes
38%
Stercorariidae Skuas & Jaegers
38%
Burhinidae Stone-curlews
31%
Coraciidae Rollers
31%
Dicruridae Drongos
31%
Diomedeidae Albatrosses
31%
Fregatidae Frigatebirds
31%
Glareolidae Pratincoles
31%
Maluridae Fairywrens & allies
31%
Menuridae Lyrebirds
31%
Oriolidae Orioles & Figbirds
31%
Otididae Bustards
31%
Podicipedidae Grebes
31%
Podicipediformes
31%
Procellariidae Petrels & Shearwaters
31%
Sturnidae Starlings & Mynas
31%
Threskiornithidae Ibises & Spoonbills
31%
Acrocephalidae Reed Warblers
23%
Aegothelidae Owlet-nightjars
23%
Anhingidae Darters
23%
Cisticolidae Cisticolas
23%
Estrildidae Finches
23%
Haematopodidae Oystercatchers
23%
Jacanidae Jacanas
23%
Meliphagidae Honeyeaters
23%
Motacillidae Pipits & Wagtails
23%
Nectariniidae Sunbirds
23%
Oceanitidae Storm-Petrels
23%
Otidiformes
23%
Paradisaeidae Birds of Paradise
23%
Pedionomidae Plains-wanderer
23%
Phaethontidae Tropicbirds
23%
Phaethontiformes
23%
Phalacrocoracidae Cormorants
23%
Podargidae Frogmouths
23%
Rhipiduridae Fantails
23%
Sulidae Boobies & Gannets
23%
Suliformes
23%
Turnicidae Button-quails
23%
Acanthizidae Scrubwrens & allies
15%
Atrichornithidae Scrub-birds
15%
Cinclosomatidae Quail-thrushes
15%
Climacteridae Treecreepers
15%
Corcoracidae Mud-nesters
15%
Dasyornithidae Bristlebirds
15%
Locustellidae Grassbirds.& allies
15%
Machaerirhynchidae Boatbills
15%
Monarchidae Monarch Flycatchers
15%
Pachycephalidae Whistlers & allies
15%
Pardalotidae Pardalotes
15%
Petroicidae Robins
15%
Psophodidae Whipbirds
15%
Ptilonorhynchidae Bowerbirds
15%
Rostratulidae Painted-snipe
15%
Turdidae Thrushes
15%
Zosteropidae White-eyes
15%
Alaudidae Larks
8%
Campephagidae Cuckooshrikes & allies
8%
Dicaeidae Flowerpeckers
8%
Hirundinidae Swallows & Martins
8%
Neosittidae Sittellas
8%
Oreoicidae Bellbirds
8%
Orthonychidae Logrunners
8%
Artarmidae Woodswallows & allies
0%
Falcunculidae Shrike-tits
0%
Pomatostomatidae Babblers
0%
No matching quizzes found
Score Distribution
Percent of People with Each Score
Percentile by Number Answered
Your Score History
You have not taken this quiz